000 00683nam a2200181Ia 4500
008 100921s9999 xx 000 0 und d
082 _b19763
_a947 थ 84
100 _aखाडिलकर नीलकंठ यशवंत.
245 _aप्रॅक्टीकल सोशॅलिझम.
260 _bशलाका प्रकाशन,मुंबई.
_c1984
300 _a100
_b---
365 _b12
520 _aइतिहास-रशिया.
630 _aप्रॅक्टीकल सोशॅलिझम.
650 _aइतिहास-रशिया.
730 _aप्रॅक्टीकल सोशॅलिझम.
942 _cBOOK
999 _c768876
_d768873